TOP15 Najdłuższych Rzek Europy - Statystyki

Ogólne statystyki
  • Ten quiz został rozwiązany 111 razy
  • Średni wynik to 6 z 15
Statystyki odpowiedzi
Długość rzeki Nazwa rzeki % Poprawnych
2888 km Dunaj
94%
3531 km Wołga
87%
2285 km Dniepr
76%
1233 km Ren
74%
1352 km Dniestr
57%
1094 km Łaba
51%
1950 km Don
43%
2428 km Ural
37%
1500 km Oka
19%
1805 km Kama
15%
1810 km Peczora
15%
1430 km Biełaja
3%
1130 km Desna
3%
1314 km Wiatka
0%
1130 Wyczegda
0%
Nie znaleziono quizów pasujących do podanych kryteriów
Rozkład punktacji
Procent ludzi z każdym wynikiem
Percentyl według liczby udzielonych odpowiedzi
Twoja historia wyników
Nie rozwiązałeś tego quizu